| 000 | 00495nam a2200181Ia 4500 | ||
|---|---|---|---|
| 005 | 20250508153025.0 | ||
| 008 | 008 250505s9999 xx 000 0 eng d | ||
| 037 | _aReference | ||
| 040 |
_aFEDL _beng _cFEDL |
||
| 041 |
_aeng _2eng |
||
| 084 |
_a370.193, GAR _qFEDL |
||
| 100 |
_aGarforth E W _9763007 |
||
| 245 | 0 | _aEducation and social purpose | |
| 260 |
_aLondon, UK _bOldbourne Press _c1962 |
||
| 300 | _a174p. | ||
| 942 |
_cREF _h370.193, GAR |
||
| 999 |
_c1340212 _d1340212 |
||